000 01191nam0a2200325 i 4500
001 RU\NLR\BIBL_A\011006336
005 20240921201004.0
010 _a9785905742866
021 _aRU
_b2016-13931
_9897
035 _a(NILC)RuMoRGB-008153229
035 _a(NLR Aleph) 011006336
090 _a10997354
_c10997354
100 _a20160309d2014 km y0rusy50 ca
101 0 _arus
102 _aRU
105 _aa|||z|||000yy
200 1 _aКлеточные и геномные технологии в повышении эффективности животноводства
_fКосовский Глеб Юрьевич
210 _aМосква
_cНовые печатные технологии
_d2014
215 _a271 с.
_cил.
_d21
320 _aБиблиогр.: с. 213-267 (444 назв.)
606 1 _aЖивотноводство
_xГенетические основы
_92224855
_3RU\NLR\AUTH\6601568657
675 _a636
686 1 _aП531
700 1 _aКосовский
_bГ. Ю.
_gГлеб Юрьевич
801 0 _aRU
_bРГБ
_c20160219
_gRCR
801 2 _aRU
_bРГБ
_c20160224
_grcr
942 _cBOOK
980 _aNBR